Statistics for Big 4 meanings

Click here to take the quiz!

General Stats

  • This quiz has been taken 19 times
  • The average score is 26 of 60

Answer Stats

Which big 4Answer% Correct
Western EuropeFrance
94%
Western EuropeGermany
94%
Western EuropeUnited Kingdom
94%
Four policemen "to guarantee world peace"United Kingdom
94%
Western EuropeItaly
88%
Four policemen "to guarantee world peace"United States
88%
Japanese big four, motorcyclesYamaha
82%
US tech companiesApple
76%
English football, also "top four"Chelsea
76%
English football, also "top four"Liverpool
76%
English football, also "top four"Manchester United
76%
US/Can major professional sports leaguesNBA
76%
International beauty pageants, Miss...Universe
76%
English football, also "top four"Arsenal
71%
US/Can major professional sports leaguesNFL
71%
US/Can major professional sports leaguesNHL
71%
International beauty pageants, Miss...World
71%
US tech companiesFacebook
65%
US tech companiesGoogle
65%
Japanese big four, motorcyclesHonda
65%
Indian snakes, responsible of most deathsIndian cobra
65%
US/Can major professional sports leaguesMLB
65%
Tennis, top male players 2019Rafael Nadal
65%
Tennis, top male players 2019Roger Federer
65%
Four policemen "to guarantee world peace"China
59%
Japanese big four, motorcyclesKawasaki
59%
Tennis, top male players 2019Novak Djokovic
59%
US tech companiesAmazon
47%
Tennis, top male players 2019Andy Murray
47%
Japanese big four, motorcyclesSuzuki
47%
Disney 'renaissance' filmsThe Lion King
47%
Thrash metal, 80sMetallica
41%
Disney 'renaissance' filmsAladdin
35%
Disney 'renaissance' filmsBeauty and the Beast
35%
Britpop scene in the 1990sOasis
35%
Disney 'renaissance' filmsThe Little Mermaid
35%
Thrash metal, 80sAnthrax
29%
Thrash metal, 80sMegadeth
29%
Thrash metal, 80sSlayer
29%
Britpop scene in the 1990sBlur
24%
International beauty pageants, Miss...International
24%
Four policemen "to guarantee world peace"Soviet Union
24%
International beauty pageants, Miss...Earth
18%
Outlaw MCs according to FBI and CISCHells Angels
18%
Norwegian writers, de fire storeHenrik Ibsen
18%
Britpop scene in the 1990sPulp
18%
Britpop scene in the 1990sSuede
12%
Norwegian writers, de fire storeBjørnstjerne Bjørnson
6%
Indian snakes, responsible of most deathsCommon krait
6%
White Star Line ocean liners, RMS...Adriatic
0%
Norwegian writers, de fire storeAlexander Kielland
0%
White Star Line ocean liners, RMS...Baltic
0%
Outlaw MCs according to FBI and CISCBandidos
0%
White Star Line ocean liners, RMS...Cedric
0%
White Star Line ocean liners, RMS...Celtic
0%
Norwegian writers, de fire storeJonas Lie
0%
Outlaw MCs according to FBI and CISCOutlaws
0%
Outlaw MCs according to FBI and CISCPagans
0%
Indian snakes, responsible of most deathsRussell's viper
0%
Indian snakes, responsible of most deathsSaw-scaled viper
0%

Score Distribution

Percentile by Number Answered

Percent of People with Each Score

Your Score History

You have not taken this quiz